Ultimate MAXED OUT flags of the World quiz Part 1 - Statistics

General Stats
  • This quiz has been taken 46 times
  • The average score is 199 of 500
Answer Stats
Picture Answer % Correct
United States
100%
United Kingdom
96%
Australia
92%
New Zealand
88%
Canada
85%
France
85%
Ireland
85%
Italy
85%
Netherlands
85%
Russia
85%
Algeria
81%
Ivory Coast
81%
Japan
81%
Madagascar
81%
Uzbekistan
81%
Albania
77%
Austria
77%
Azerbaijan
77%
Belgium
77%
Bulgaria
77%
Burkina Faso
77%
China
77%
Croatia
77%
Cyprus
77%
D.R. Congo
77%
Finland
77%
Georgia
77%
Georgia
77%
Germany
77%
Greece
77%
Hungary
77%
Iceland
77%
India
77%
Iraq
77%
Israel
77%
Jamaica
77%
Kosovo
77%
Lebanon
77%
Maldives
77%
Malta
77%
Mexico
77%
Nepal
77%
Niger
77%
Norway
77%
Oman
77%
Pakistan
77%
Papua New Guinea
77%
Peru
77%
Poland
77%
San Marino
77%
Saudi Arabia
77%
South Africa
77%
South Korea
77%
South Sudan
77%
Spain
77%
Switzerland
77%
Tunisia
77%
Turkey
77%
Turkmenistan
77%
Vatican City
77%
Vietnam
77%
Yemen
77%
Afghanistan
73%
Argentina
73%
Armenia
73%
Bahrain
73%
Bangladesh
73%
Barbados
73%
Belarus
73%
Bhutan
73%
Botswana
73%
Brazil
73%
Cambodia
73%
Chad
73%
Chile
73%
Costa Rica
73%
Denmark
73%
Dominica
73%
Dominican Republic
73%
Egypt
73%
El Salvador
73%
Eswatini
73%
Indonesia
73%
Iran
73%
Jordan
73%
Kazakhstan
73%
Kuwait
73%
Laos
73%
Liberia
73%
Libya
73%
Liechtenstein
73%
Lithuania
73%
Luxembourg
73%
Mauritania
73%
Monaco
73%
Myanmar
73%
Nicaragua
73%
North Korea
73%
North Macedonia
73%
Panama
73%
Rep. of the Congo
73%
Romania
73%
Serbia
73%
Singapore
73%
Slovakia
73%
Slovenia
73%
Somalia
73%
St. Kitts & Nevis
73%
Sudan
73%
Syria
73%
Taiwan
73%
Tajikistan
73%
United Arab Emirates
73%
Venezuela
73%
American Samoa
69%
Andorra
69%
Bahamas
69%
Bosnia & Herzegovina
69%
Brunei
69%
Colombia
69%
Comoros
69%
Cuba
69%
Czech Republic
69%
East Timor
69%
Eritrea
69%
Estonia
69%
French Guiana
69%
F.S. of Micronesia
69%
Ghana
69%
Grenada
69%
Guyana
69%
Haiti
69%
Kenya
69%
Kyrgyzstan
69%
Malawi
69%
Malaysia
69%
Mali
69%
Marshall Islands
69%
Mauritius
69%
Mongolia
69%
Morocco
69%
Mozambique
69%
Nauru
69%
Nigeria
69%
Palau
69%
Paraguay
69%
Portugal
69%
Sri Lanka
69%
Suriname
69%
Sweden
69%
Tanzania
69%
Togo
69%
Tonga
69%
Trinidad & Tobago
69%
Uruguay
69%
Zambia
69%
Zimbabwe
69%
Angola
65%
Belize
65%
Burundi
65%
Cameroon
65%
Cape Verde
65%
Central African Republic
65%
Djibouti
65%
Ecuador
65%
Ethiopia
65%
Gabon
65%
Guinea
65%
Kiribati
65%
Latvia
65%
Lesotho
65%
Moldova
65%
Montenegro
65%
Namibia
65%
Philippines
65%
Rwanda
65%
Samoa
65%
Senegal
65%
Seychelles
65%
Sierra Leone
65%
Thailand
65%
Ukraine
65%
Antigua and Barbuda
62%
Benin
62%
Bolivia
62%
Fiji
62%
Fiji
62%
Guatemala
62%
Guinea-Bissau
62%
Honduras
62%
Isle of Man
62%
Qatar
62%
Sao Tome & Principe
62%
St. Lucia
62%
Tuva
62%
Uganda
62%
Vanuatu
62%
California
58%
England
58%
Equatorial Guinea
58%
New York City
58%
North Dakota
58%
Oklahoma
58%
Scotland
58%
Solomon Islands
58%
St. Vincent and the Grenadines
58%
Tuvalu
58%
Tuvalu
58%
Wales
58%
Gambia
54%
Greenland
54%
Iowa
54%
Montana
54%
Northern Ireland
54%
South Dakota
54%
Washington
54%
Washington DC
54%
Wisconsin
54%
Arkansas
50%
Florida
50%
Hawaii
50%
Idaho
50%
Illinois
50%
Kansas
50%
Nevada
50%
Ohio
50%
Alaska
46%
Arizona
46%
Colorado
46%
Jersey
46%
Kentucky
46%
Nebraska
46%
New Hampshire
46%
New Jersey
46%
New Mexico
46%
Texas
46%
Basque
42%
Basque
42%
Faroe Islands
42%
Guernsey
42%
Indiana
42%
Maryland
42%
Rhode Island
42%
South Carolina
42%
Vermont
42%
Virginia
42%
Alabama
38%
Brittany
38%
Cook Islands
38%
Corsica
38%
Falkland Islands
38%
Gibraltar
38%
Guam
38%
Hong Kong
38%
Louisiana
38%
Mayotte
38%
Mississippi
38%
North Carolina
38%
Pennsylvania
38%
Puerto Rico
38%
Rochester
38%
Sicily
38%
Tibet
38%
Transnistria
38%
Utah
38%
West Virginia
38%
Wyoming
38%
Antarctica
35%
Delaware
35%
Massachusetts
35%
Missouri
35%
Quebec
35%
US Virgin Islands
35%
Abkhazia
31%
Bermuda
31%
British Virgin Islands
31%
Catalonia
31%
Macau
31%
Maine
31%
Michigan
31%
New Caledonia
31%
Oregon
31%
Tennessee
31%
Wallonia
31%
Western Sahara
31%
Aruba
27%
Flanders
27%
French Polynesia
27%
Moscow
27%
Moscow Oblast
27%
Nova Scotia
27%
Sardinia
27%
Somaliland
27%
Svalbard
27%
Wake Island
27%
Aland Island
23%
Alberta
23%
Bougainville
23%
British Columbia
23%
Canary Islands
23%
Cornwall
23%
Easter Island
23%
Montserrat
23%
Newfoundland
23%
Niue
23%
Northern Cyprus
23%
Ontario
23%
Reunion
23%
South Ossetia
23%
Tasmania
23%
Tokelau
23%
Bonaire
19%
Cayman Islands
19%
Christmas Islands
19%
Clipperton Island
19%
Cocos Islands
19%
Crimea
19%
Guadeloupe
19%
Johnston Atoll
19%
Manchester
19%
New Brunswick
19%
Normandy
19%
Northern Mariana Islands
19%
Prince Edward Islands
19%
Saint Helena
19%
Turks and Caicos
19%
Bali
15%
British Indian Ocean Territory
15%
Choctaw
15%
Conneticut
15%
Galápagos Islands
15%
Kaliningrad
15%
Kashmir
15%
Manitoba
15%
Midway Atoll
15%
Norfolk Islands
15%
Northwest Territories
15%
Saint Barthelemy
15%
Sakha
15%
Saskatchewan
15%
South Georgia
15%
Tristan da Cunha
15%
Adjara
12%
Alderney
12%
Azores
12%
British Antarctic Territory
12%
Buryatia
12%
Ceuta
12%
Cherokee
12%
Chilean Antarctic Territory
12%
Falkland Island
12%
Gran Canaria
12%
Karelia
12%
Madeira
12%
Melilla
12%
Osage Nation
12%
Pitcairn Islands
12%
Saba
12%
Saint Martin
12%
Sark
12%
Shetland Islands
12%
Sint Eustatius
12%
Sint Maarten
12%
Tenerife
12%
Wallis and Futuna
12%
West Papua
12%
Akrotiri and Dhekelia
8%
Albany
8%
Altai Republic
8%
Ascension Island
8%
Bouvet Island
8%
Buffalo
8%
Chechnya
8%
Chuvashia
8%
Crete
8%
Dagestan
8%
French Antarctic Territory
8%
Fuerteventura
8%
Howland Island
8%
Jan Mayen
8%
Juan Fernandez Islands
8%
Kalmykia
8%
Leningrad Oblast
8%
Lipetsk Oblast
8%
Mari El
8%
Mordovia
8%
Nagorno-karabakh
8%
Navassa Island
8%
Nizhny Novgorod Region
8%
Novgorod Oblast
8%
Novosibirsk Oblast
8%
Republika Srpska
8%
Ross Dependency
8%
Smolensk Oblast
8%
Tierra del Fuego
8%
Udmurtia
8%
Adygea
4%
Altai Krai
4%
Arkhangelsk Oblast
4%
Astrakhan Oblast
4%
Barotseland
4%
Cabinda
4%
Caracao
4%
Chelyabinsk Oblast
4%
Ithaca Island
4%
Jarvis Island
4%
Kabardino Balkaria
4%
Kamchatka Krai
4%
Khakassia
4%
Kingman Reef
4%
Krasnodar Krai
4%
Kursk Oblast
4%
Minnisota
4%
Navajo
4%
Nevis Island
4%
New England
4%
New York State
4%
Omsk Oblast
4%
Penza Oblast
4%
Perm Krai
4%
Principe
4%
Queen Maud Land
4%
Ryukyu
4%
Tomsk Oblast
4%
Volgograd Oblast
4%
Yaroslavl Oblast
4%
Alboran Island
0%
Amur Oblast
0%
Bajo Nuevo Bank
0%
Bandera Chinook
0%
Bashkortostan
0%
Belgorod Oblast
0%
Bryansk Oblast
0%
Chathman Island
0%
Commander Islands
0%
Coral Sea Islands Territory
0%
Denver
0%
Donetsk People's Republic
0%
Heard Island
0%
Ingushetia
0%
Irkutsk Oblast
0%
Iroquois Confederacy
0%
Ivanovo Oblast
0%
Kaliningrad Oblast
0%
Kaluga Oblast
0%
Karachay Cherkessia
0%
Kemerovo Oblast
0%
Khabarovsk Krai
0%
Kherson Oblast
0%
Kirov Oblast
0%
Komi
0%
Kostroma Oblast
0%
Krasnoyarsk Krai
0%
Kurgan Oblast
0%
Little Diomede Island
0%
Long Island
0%
Luhansk People's Republic
0%
Magadan Oblast
0%
Maluku Islands
0%
Martinque
0%
Murmansk Oblast
0%
Nakhchivan
0%
Nashua
0%
Ninilchik
0%
North Aegean
0%
Northern Cheyenne
0%
Orenburg Oblast
0%
Oryol Oblast
0%
Palmyra Atoll
0%
Pantelleria
0%
Pelagie Islands
0%
Peter I Island
0%
Plaza de Soberanía
0%
Primorsky Krai
0%
Pskov Oblast
0%
Robinson Rancheria
0%
Rostov Oblast
0%
Ryazan Oblast
0%
Saint Lawrence
0%
Saint Pierre and Micquelon
0%
Sakhalin Oblast
0%
Samara Oblast
0%
Saratov Oblast
0%
Savage Islands
0%
Serranilla Bank
0%
Sinai
0%
Socotra
0%
South Aegean
0%
Stavropol Krai
0%
St Lawrence Island
0%
Sverdlovsk
0%
Tambov Oblast
0%
Tartarstan
0%
Trust Territory of the Pacific Islands
0%
Tula Oblast
0%
Tyumen Oblast
0%
Vail
0%
Village of Kake
0%
Vladimir Oblast
0%
Vologda Oblast
0%
No matching quizzes found
Score Distribution
Percent of People with Each Score
Percentile by Number Answered
Your Score History
You have not taken this quiz